Διάφοροι διαφορετικοί φίλοι = Miq te ndryshem gjithfarellojesh = Various different Friends
Αποθηκεύτηκε σε:
| Κύριος συγγραφέας: | |
|---|---|
| Μορφή: | Βιβλίο |
| Γλώσσα: | Greek English Italian |
| Δημοσίευση: |
Αθήνα :
Σχήμα & Χρώμα,
1995.
|
| Θέματα: | |
| Ετικέτες: |
Προσθήκη ετικέτας
Δεν υπάρχουν, Καταχωρήστε ετικέτα πρώτοι!
|
MARC
| LEADER | 00000cam a2200000 i 4500 | ||
|---|---|---|---|
| 001 | 1/57265 | ||
| 008 | 040609s1995 gr || ||| |||| ||gre|| | ||
| 020 | |a 960400089 | ||
| 035 | |l 10073741 | ||
| 040 | |a GR-MY-UA |b gre |e aacr | ||
| 041 | 0 | |a gre |a eng |a ita | |
| 082 | 0 | |a 808.0683 |2 (22) | |
| 100 | 1 | |a Libertini, Alessandro. | |
| 245 | 1 | 0 | |a Διάφοροι διαφορετικοί φίλοι = |b Miq te ndryshem gjithfarellojesh = Various different Friends / |c Alessandro Libertini. |
| 246 | 2 | 1 | |a Various different friends |
| 246 | 2 | 1 | |a Miq ndryshem gjithfarellojesh |
| 260 | |a Αθήνα : |b Σχήμα & Χρώμα, |c 1995. | ||
| 300 | |a 33 σ. | ||
| 650 | 0 | 0 | |a Children's stories. |
| 650 | 0 | 0 | |a Children's literature. |
| 655 | 7 | |a Fairy tales |2 lcgft | |
| 852 | |a INST |b RHODES |e 20040609 |h 808.0683 LIB |p 005400018831 |q 005400018831 |t BK |y 0 | ||
| 901 | |a BIBL4-2004-2 | ||
| 909 | |a Ρ |b 109681 | ||
| 970 | |a ΚΟΥΛΑΚΙΟΤΗ |b ΛΙΤΣΑ |z 2004/06/09 | ||